| Tag |
First Indicator |
Second Indicator |
Subfields |
| LEADER |
00000cam a2200000 4500 |
| 001 |
in00000094247 |
| 005 |
20150927110418.0 |
| 008 |
800405s1926 sp a b 00010 eng d |
| 010 |
|
|
|a gs 26000330
|
| 035 |
|
|
|a (OCoLC)06170080
|
| 035 |
|
|
|9 AAL6106AM
|
| 040 |
|
|
|a TXA
|c TXA
|d UtOrBLW
|
| 049 |
|
|
|a TXAM
|c [921892]
|
| 090 |
|
|
|a TN87
|b .H4
|
| 100 |
1 |
|
|a Hereza Ortuno, Juan.
|
| 245 |
1 |
4 |
|a The metalliferous deposits of Linares and Huelva /
|c by J. Hereza and A. de Alvarado.
|
| 264 |
|
1 |
|a Madrid :
|b Sucessores de Rivadeneyra,
|c 1926.
|
| 300 |
|
|
|a 140 pages :
|b illustrations
|
| 336 |
|
|
|a text
|b txt
|2 rdacontent
|
| 337 |
|
|
|a unmediated
|b n
|2 rdamedia
|
| 338 |
|
|
|a volume
|b nc
|2 rdacarrier
|
| 500 |
|
|
|a At head of title: Excursion A-3. XXV. International Geological Congress, Madrid, 1926.
|
| 500 |
|
|
|a Imprint on cover: Madrid, Instituto Geologico de Espana, 1926.
|
| 504 |
|
|
|a Bibliography: pages [69]-70.
|
| 650 |
|
0 |
|a Ore deposits
|z Spain.
|
| 700 |
1 |
|
|a Alvarado, Alfonso de.
|
| 999 |
|
|
|a MARS
|
| 999 |
f |
f |
|s 010bd67d-c02e-3359-a75c-ccfa272ba967
|i 9b602a5b-5af1-3920-b993-d3d9ea639a59
|t 0
|
| 952 |
f |
f |
|p ric
|a Texas A&M University
|b Rellis Campus
|c Joint Library Facility
|d Remote Storage
|t 0
|e TN87 .H4
|h Library of Congress classification
|i unmediated -- volume
|m A14805569145
|
| 998 |
f |
f |
|a TN87 .H4
|t 0
|l Remote Storage
|